00377nam a2200133Ia 4500008004100000040001900041041001200060082002400072100002900096245004400125260004300169300002100212850001000233131103s9999 xx 000 0 und d aLoreto College aEnglish a891.433/DESbLCLIB/ aDesai,Ramanlal Vasantlal aDivya ChakshucRamanlal Vasantlal Desai aPrayagbIndian Press Limitedc[19 - ?] a299 p. c 18 cm. aLCLIB